| 000 | 00763nam a2200301 a 4500 | ||
|---|---|---|---|
| 003 | AR-BaBNM | ||
| 005 | 20251128205648.0 | ||
| 008 | 082120s2002 ||||||||||||||000 | spa|| | ||
| 020 | _a84-7100-650-2 | ||
| 040 | _cAR-BaBNM | ||
| 100 | 1 | _aMárquez Villanueva, Francisco | |
| 245 | 0 | 0 | _aEl concepto cultural alfonsí |
| 260 |
_aMadrid _bMapfre _c1995 |
||
| 300 |
_a284 p. _bil., láms. |
||
| 490 | 0 |
_aSefarad _vv. 9 |
|
| 500 | _aApéndices para consultar p. 265-284 | ||
| 600 | 0 | 4 | _aAlfonso |
| 650 | 4 | _aJUDIOS | |
| 650 | 4 | _aJUDAISMO | |
| 650 | 4 | _aLITERATURA | |
| 650 | 4 | _aLENGUA | |
| 650 | 4 | _aFILOLOGIA | |
| 650 | 4 | _aHISTORIA MEDIEVAL | |
| 651 | 4 | _aEspaña | |
| 800 | 1 |
_aGallego, José Andrés _ecoordinador |
|
| 942 | _cBK | ||
| 998 | _cMariana | ||
| 999 |
_c12291 _d12291 |
||